| 000 | 00000nam##2200000za#4500 |
| 001 | 9.679783 |
| 003 | CaOODSP |
| 005 | 20200330062147 |
| 007 | ta |
| 008 | 150407|1996||||xxc||||| f|0| 0 fre|d |
| 020 | |a0-660-95264-5 |
| 040 | |aCaOODSP|bfre |
| 043 | |an-cn--- |
| 086 | 1 |aSN3-311/1996F |
| 110 | 1 |aCanada.|bBibliothèque nationale du Canada. |
| 245 | 10|aOuvrages de référence en généalogie canadienne / |cpar Mary Bond, Division des services de référence et d'information. |
| 260 | |aOttawa - Ontario : |bBibliothèque nationale du Canada |c1996. |
| 300 | |a107p. ; |c28 cm. |
| 500 | |aSommaire: Atlas historique.--Bibliographies et catalogues.--Dictionnaires.--Guides.--Index.--Noms de famille.--Registres.--Répertoires.--Alberta.--Colombie-Britannique.--Île-du -Prince-Édouard.--Manitoba.--Nouveau-Brunswick.--Nouvel le-Écosse.--Ontario.--Québec.--Saskatchewan.--Terre-Neuve.--Territoire du Yukon.--Index des noms.--Index des titres.--Index sujets. |
| 520 | 3 |aSommaire : Atlas historique. Bibliographies et catalogues. Dictionnaires. Guides. Index. Noms de famille. Registres. Répertoires. Alberta. Colombie-Britannique. Île-du-Prince-Édouard. Manitoba. Nouveau-Brunswick. Nouvelle-Écosse. Ontario. Québec. Saskatchewan. Terre-Neuve. Territoire du Yukon. Index des noms. Index des titres. Index des sujets. |
| 563 | |aReliure à spirale |
| 590 | |a96-26|b1996-06-28 |
| 691 | 07|aGénéalogie|2gcpds |
| 720 | 1 |aBond, Mary |
| 775 | 08|tReferences sources for Canadian genealogy / |w(CaOODSP)9.646211 |
| 776 | 0#|tOuvrages de référence en généalogie canadienne / |w(CaOODSP)9.640064 |